Word Scramble - NBA Players #1 - Statistics

General Stats
  • This quiz has been taken 31 times
  • The average score is 15 of 20
Answer Stats
Name Player % Correct
IKDR ZIIWOTKN Dirk Nowitzki
100%
NSIIAGN MOOONNTTAPKUE Giannis Antetokounmpo
92%
LUAP RGEOEG Paul George
92%
HEETPNS URCYR Stephen Curry
92%
SIRCH LPUA Chris Paul
88%
QOIIMNDUE SLKINIW Dominique Wilkins
80%
OYSNAJ TUMTA Jayson Tatum
76%
KOALIN KOICJ Nikola Jokic
76%
NOTY KARPRE Tony Parker
76%
ENICV RETARC Vince Carter
76%
NOTHYNA ASDIV Anthony Davis
72%
MIYJM UTELRB Jimmy Butler
72%
TTOICSE NEIPPP Scottie Pippen
72%
ALKY STHONMPO Klay Thompson
68%
WIAKH DRONLEA Kawhi Leonard
64%
CAIKTRP GINEW Patrick Ewing
64%
AYRTC RYADCMG Tracy McGrady
64%
VIEDN OKBREO Devin Booker
60%
LELAN RONIVSE Allen Iverson
56%
YTSEER TURHIALNBO Tyrese Haliburton
32%
No matching quizzes found
Score Distribution
Percent of People with Each Score
Percentile by Number Answered
Your Score History
You have not taken this quiz